000 00604nam a2200193 4500
001 109946
003 ES-MaACL
005 20230906184940.0
007 t|
008 061121s1980 sp r ||||1| spa d
245 0 4 _aLas operaciones de la ingeniería de los alimentos /
_cJ. G. Brennan...[et al.] ; con prólogo de E. J. Rolfe.
260 _aZaragoza :
_bAcribia,
_c1980.
300 _aXV, 540 p. :
_bil ;
_c24 cm.
700 1 _aButters, J. R.
_932967
700 1 _aCowell, N.D.
_941374
700 1 _aLilly, A.E. W.
_972301
700 1 _aRolfe, E. J.
_999161
852 _aES-MaACL
_jL-1786
_bR.102832
999 _c109946
_d109946